Statistics for 秘境駅ランキング1位〜100位の駅(2002年)

Click here to take the quiz!

General Stats

  • This quiz has been taken 68 times
  • The average score is 31 of 100

Answer Stats

順位答え所在都道府県% Correct
1小幌北海道
97%
3小和田静岡県
81%
61宗太郎大分県
66%
6尾盛静岡県
66%
31糠南北海道
63%
12坪尻徳島県
63%
16旧白滝北海道
59%
42中井侍長野県
56%
32上白滝北海道
56%
15赤岩福島県
56%
96奥大井湖上静岡県
53%
44為栗長野県
53%
27大畑熊本県
53%
10大志田岩手県
50%
11浅岸岩手県
50%
84雄信内北海道
47%
2張碓北海道
47%
14田子倉福島県
47%
4田本長野県
44%
18金野長野県
44%
5押角岩手県
44%
36新改高知県
44%
81閑蔵静岡県
41%
23下白滝北海道
41%
40真幸宮崎県
41%
9古瀬北海道
41%
8八ツ森宮城県
41%
56
抜海
北海道
41%
43生野北海道
38%
97アプトいちしろ静岡県
38%
19男鹿高原栃木県
38%
57土本静岡県
34%
47千代長野県
34%
26初田牛北海道
34%
92道後山広島県
34%
37豊清水北海道
31%
67北星北海道
31%
64北秩父別北海道
31%
20白井海岸岩手県
31%
59矢岳熊本県
31%
39北海道
28%
85安牛北海道
28%
7智東北海道
28%
83布原岡山県
28%
55姫川北海道
28%
82内名広島県
25%
54昆布盛北海道
25%
93紀伊神谷和歌山県
25%
88上幌延北海道
25%
86西一線北海道
25%
72東鹿越北海道
25%
51女鹿山形県
25%
50蕨岱北海道
25%
13川上北海道
25%
17影待宮崎県
25%
21鹿波石川県
25%
53菊水山兵庫県
22%
35南下沼北海道
22%
98美々北海道
22%
90南幌延北海道
22%
25薫別北海道
22%
30白丸石川県
22%
33東山北海道
22%
52旭浜北海道
22%
100辛皮京都府
22%
62分線北海道
22%
48神明北海道
22%
58南美深北海道
22%
60智北北海道
22%
45北剣淵北海道
22%
28
豊ヶ岡
北海道
22%
29北豊津北海道
19%
99上厚内北海道
19%
95津軽湯の沢青森県
19%
46東幌糠北海道
19%
24塩幌北海道
19%
87千曳青森県
19%
77瑞穂北海道
19%
79尺別北海道
19%
74西女満別北海道
19%
68徳満北海道
19%
69南今庄福井県
19%
70真布北海道
19%
71あぶくま宮城県
19%
65大狩部北海道
19%
73稲士別北海道
19%
75様舞北海道
19%
41亀ヶ崎宮崎県
16%
38早戸福島県
16%
63大川ダム公園福島県
16%
66羽帯北海道
16%
89青井岳宮崎県
13%
80長谷広島県
13%
91大滝山形県
13%
22深角宮崎県
13%
94海路熊本県
13%
78一の渡岩手県
13%
49新栄野北海道
13%
34笹森北海道
13%
76浜田浦北海道
9%

Score Distribution

Percentile by Number Answered

Percent of People with Each Score

Your Score History

You have not taken this quiz